Country Flags Quiz #2 - One Minute Sprint - Statistics

General Stats
  • This quiz has been taken 62 times
  • The average score is 17 of 20
Answer Stats
Picture Answer % Correct
Argentina
98%
Spain
98%
Germany
96%
Cyprus
93%
Denmark
93%
Switzerland
93%
Finland
89%
Iceland
89%
Chile
85%
South Korea
85%
Austria
84%
India
84%
Turkey
84%
Cambodia
82%
Ukraine
78%
Thailand
73%
Uruguay
71%
Vietnam
71%
Saudi Arabia
60%
Taiwan
58%
No matching quizzes found
Score Distribution
Percent of People with Each Score
Percentile by Number Answered
Your Score History
You have not taken this quiz